Employee suggestion schemes, (Record no. 77685)

MARC details
000 -LEADER
fixed length control field 00747nam a22002291 4500
001 - CONTROL NUMBER
control field sa 68001084
003 - CONTROL NUMBER IDENTIFIER
control field DLC
005 - DATE AND TIME OF LATEST TRANSACTION
control field 20260227112430.0
008 - FIXED-LENGTH DATA ELEMENTS--GENERAL INFORMATION
fixed length control field 710903s1966 ii 00010 eng
010 ## - LIBRARY OF CONGRESS CONTROL NUMBER
LC control number sa 68001084
025 ## - OVERSEAS ACQUISITION NUMBER
Overseas acquisition number PL480:I-E-8130
043 ## - GEOGRAPHIC AREA CODE
Geographic area code a-ii---
050 0# - LIBRARY OF CONGRESS CALL NUMBER
Classification number HF5549.5.S8
Item number H9
110 10 - MAIN ENTRY--CORPORATE NAME
Corporate name or jurisdiction name as entry element Hyderabad, India.
Subordinate unit Administrative Staff College of India.
245 10 - TITLE STATEMENT
Title Employee suggestion schemes,
Statement of responsibility, etc. by K. J. Joseph, research officer.
260 0# - PUBLICATION, DISTRIBUTION, ETC.
Place of publication, distribution, etc. Hyderabad,
Name of publisher, distributor, etc. Administrative Staff College of India
Date of publication, distribution, etc. [1966]
300 ## - PHYSICAL DESCRIPTION
Extent 63 p.
Dimensions 33 cm.
350 ## - PRICE (NR) (BK AM CF MU VM SE) [OBSOLETE]
Price Rs2.50
490 0# - SERIES STATEMENT
Series statement ASCI surveys of management practices in India. Survey no. 2
650 #0 - SUBJECT ADDED ENTRY--TOPICAL TERM
Topical term or geographic name entry element Suggestion systems
Geographic subdivision India.
700 10 - ADDED ENTRY--PERSONAL NAME
Personal name Joseph, Kanakambaram Joseph,
Dates associated with a name 1934-

No items available.

Powered by Koha